00364nam a2200145Ia 450000500170000000800410001702000150005808200130007310000130008624500220009925000080012126000430012930000130017250000330018520250519024949.0240331s9999 xx 000 0 und d a9559529064 a301bMOR aMoris, D 0aNiruwath wanaraya a4th aNugegodabNawa Withya Publishersc1994 a266 p ., aTranslation of The Naked Ape